KOHA-Header-6

Software Project management (Record no. 2583)

000 -LEADER
fixed length control field 00369nam a2200157Ia 4500
003 - CONTROL NUMBER IDENTIFIER
control field OSt
005 - DATE AND TIME OF LATEST TRANSACTION
control field 20190928162207.0
008 - FIXED-LENGTH DATA ELEMENTS--GENERAL INFORMATION
fixed length control field 190802s9999 xx 000 0 und d
020 ## - INTERNATIONAL STANDARD BOOK NUMBER
International Standard Book Number 978-9387067189
040 ## - CATALOGING SOURCE
Transcribing agency maju
100 ## - MAIN ENTRY--PERSONAL NAME
Personal name Bob Hughes
245 #0 - TITLE STATEMENT
Title Software Project management
260 ## - PUBLICATION, DISTRIBUTION, ETC. (IMPRINT)
Place of publication, distribution, etc New Delhi
Name of publisher, distributor, etc McGraw Hill
Date of publication, distribution, etc 2018
300 ## - PHYSICAL DESCRIPTION
Extent 454:p
942 ## - ADDED ENTRY ELEMENTS (KOHA)
Koha item type Books
Source of classification or shelving scheme
Holdings
Withdrawn status Lost status Source of classification or shelving scheme Damaged status Not for loan Collection code Permanent Location Current Location Shelving location Date acquired Total Checkouts Full call number Barcode Date last seen Date checked out Price effective from Koha item type
          Computer Science MAJU MAJU Shelf No.A32 2019-10-11 3 5.1 9206 2024-09-04 2024-02-23 2019-08-03 Computer Science

Powered by Koha